| 000 | 00436cam a2200169ua 4500 | ||
|---|---|---|---|
| 020 | _c120 | ||
| 041 |
_aeng _h |
||
| 082 |
_a300.072 _bBHA/RF |
||
| 100 | _aBhatnagan, . | ||
| 245 |
_aResarch Methods and measurements in Behavioural Science / _cBhatnayan. _hTextual Documents |
||
| 260 |
_a : _bA gricde Publishing Academy , _c1981. |
||
| 300 | _a240 ; . | ||
| 365 | _a120 | ||
| 504 | _a | ||
| 942 | _cBK | ||
| 999 |
_c3103 _d3103 |
||